<?xml version="1.0" encoding="UTF-8"?>
<record
    xmlns:xsi="http://www.w3.org/2001/XMLSchema-instance"
    xsi:schemaLocation="http://www.loc.gov/MARC21/slim http://www.loc.gov/standards/marcxml/schema/MARC21slim.xsd"
    xmlns="http://www.loc.gov/MARC21/slim">

  <leader>00610nas a22002177i 4500</leader>
  <datafield tag="999" ind1=" " ind2=" ">
    <subfield code="c">5563</subfield>
    <subfield code="d">5563</subfield>
  </datafield>
  <controlfield tag="001">5841</controlfield>
  <controlfield tag="003">OSt</controlfield>
  <controlfield tag="005">20180914151206.0</controlfield>
  <controlfield tag="006">af||p|r||||||0| 0 </controlfield>
  <controlfield tag="008">161220d19902017gw f||m||||||||0| ||ger d</controlfield>
  <datafield tag="022" ind1=" " ind2=" ">
    <subfield code="a">0938-2062</subfield>
  </datafield>
  <datafield tag="024" ind1="7" ind2=" ">
    <subfield code="a">5841</subfield>
    <subfield code="2">RID</subfield>
  </datafield>
  <datafield tag="040" ind1=" " ind2=" ">
    <subfield code="c">OSt</subfield>
  </datafield>
  <datafield tag="041" ind1=" " ind2=" ">
    <subfield code="a">ger</subfield>
  </datafield>
  <datafield tag="110" ind1="2" ind2=" ">
    <subfield code="a">Institut f&#xFC;r die Wissenschaft vom Menschen (IWM) Wien</subfield>
  </datafield>
  <datafield tag="245" ind1="0" ind2="0">
    <subfield code="a">Transit.</subfield>
    <subfield code="b">Europ&#xE4;ische Revue</subfield>
  </datafield>
  <datafield tag="260" ind1=" " ind2=" ">
    <subfield code="a">Frankfurt/Main :</subfield>
    <subfield code="b">Verlag Neue Kritik,</subfield>
    <subfield code="c">1990-2017.</subfield>
  </datafield>
  <datafield tag="362" ind1="0" ind2=" ">
    <subfield code="a">H.1.1990-H.50 (Sommer 2017) ; damit Erscheinen eingestellt</subfield>
  </datafield>
  <datafield tag="856" ind1="4" ind2="0">
    <subfield code="u">http://www.iwm.at/transit/</subfield>
  </datafield>
  <datafield tag="942" ind1=" " ind2=" ">
    <subfield code="c">SE</subfield>
  </datafield>
</record>
